<?xml version="1.0" encoding="UTF-8"?><?xml-stylesheet type="text/xsl" href="static/style.xsl"?><OAI-PMH xmlns="http://www.openarchives.org/OAI/2.0/" xmlns:xsi="http://www.w3.org/2001/XMLSchema-instance" xsi:schemaLocation="http://www.openarchives.org/OAI/2.0/ http://www.openarchives.org/OAI/2.0/OAI-PMH.xsd"><responseDate>2026-06-29T02:48:52Z</responseDate><request verb="GetRecord" identifier="oai:docta.ucm.es:20.500.14352/115153" metadataPrefix="marc">https://docta.ucm.es/rest/oai/request</request><GetRecord><record><header><identifier>oai:docta.ucm.es:20.500.14352/115153</identifier><datestamp>2025-03-18T14:54:00Z</datestamp><setSpec>com_20.500.14352_14</setSpec><setSpec>col_20.500.14352_21</setSpec></header><metadata><record xmlns="http://www.loc.gov/MARC21/slim" xmlns:dcterms="http://purl.org/dc/terms/" xmlns:xsi="http://www.w3.org/2001/XMLSchema-instance" xmlns:doc="http://www.lyncode.com/xoai" xsi:schemaLocation="http://www.loc.gov/MARC21/slim http://www.loc.gov/standards/marcxml/schema/MARC21slim.xsd">
   <leader>00925njm 22002777a 4500</leader>
   <datafield ind2=" " ind1=" " tag="042">
      <subfield code="a">dc</subfield>
   </datafield>
   <datafield ind2=" " ind1=" " tag="720">
      <subfield code="a">Jociles Rubio, María Isabel</subfield>
      <subfield code="e">author</subfield>
   </datafield>
   <datafield ind2=" " ind1=" " tag="720">
      <subfield code="a">Franze Mudano, Adela María</subfield>
      <subfield code="e">author</subfield>
   </datafield>
   <datafield ind2=" " ind1=" " tag="720">
      <subfield code="a">Poveda Bicknell, David</subfield>
      <subfield code="e">author</subfield>
   </datafield>
   <datafield ind2=" " ind1=" " tag="260">
      <subfield code="c">2011</subfield>
   </datafield>
   <datafield ind2=" " ind1=" " tag="520">
      <subfield code="a">Este libro, en su conjunto, presenta una colección de estudios empíricos de corte etnográfico sobre la infancia y la adolescencia contemporánea y sus diferentes realidades socioculturales en diversos contextos de Latinoamérica y la península Ibérica. Los trabajos ilustran las propias prácticas y discursos en este ámbito, los que otros agentes sociales construyen y una amplia variedad de contextos en los que participa la infancia y la adolescencia: instituciones educativas, centros residenciales tutelados, familia, trabajo, iguales, el ámbito de la salud, etc. El objetivo de Etnografías de la infancia y de la adolescencia, y particularmente del capítulo debido a Franzé, Jociles y Poveda, es abrir el debate sobre las características e implicaciones de una aproximación interdisciplinar y cualitativa a estos colectivos, entroncada en campos como la antropología, la psicología, las ciencias de la salud o la sociolingüística, y que en estos momentos, en España y América Latina, comienza a definirse con nombre propio.</subfield>
   </datafield>
   <datafield ind1="8" ind2=" " tag="024">
      <subfield code="a">978-84-8319-569-7</subfield>
   </datafield>
   <datafield ind1="8" ind2=" " tag="024">
      <subfield code="a">https://hdl.handle.net/20.500.14352/115153</subfield>
   </datafield>
   <datafield ind1="8" ind2=" " tag="024">
      <subfield code="a">https://www.catarata.org/libro/etnografias-de-la-infancia-y-de-la-adolescencia_102980/</subfield>
   </datafield>
   <datafield ind1="8" ind2=" " tag="024">
      <subfield code="a">https://dialnet.unirioja.es/servlet/libro?codigo=443152</subfield>
   </datafield>
   <datafield ind1="8" ind2=" " tag="024">
      <subfield code="a">https://scholar.google.es/citations?view_op=view_citation&amp;hl=es&amp;user=H52t4mMAAAAJ&amp;cstart=20&amp;pagesize=80&amp;sortby=pubdate&amp;citation_for_view=H52t4mMAAAAJ:qjMakFHDy7sC</subfield>
   </datafield>
   <datafield ind2="0" ind1="0" tag="245">
      <subfield code="a">El estudio etnográfico de la infancia y de la adolescencia: posibilidades y retos: posibilidades y retos</subfield>
   </datafield>
</record></metadata></record></GetRecord></OAI-PMH>